[Event "ICS rated blitz match"]
[Site "204.178.125.65"]
[Date "1999.08.12"]
[Round "?"]
[White "Hossa"]
[Black "CHESSGENIOS"]
[Result "1-0"]
[WhiteElo "2434"]
[BlackElo "2061"]
[PlyCount "95"]
[EventDate "1999.??.??"]

1. d4 c5 2. d5 f5 3. Bg5 Nf6 4. Bxf6 exf6 5. e3 d6 6. c4 Be7 7. Nc3 O-O 8. Bd3
Bd7 9. Nge2 Na6 10. O-O Rb8 11. Nf4 Nc7 12. Qh5 g6 13. Nxg6 hxg6 14. Qxg6+ Kh8
15. Qh5+ Kg8 16. Bxf5 Bxf5 17. Qxf5 Qe8 18. a4 Rf7 19. e4 Rg7 20. f3 Qg6 21.
Qxg6 Rxg6 22. h4 Kg7 23. h5 Rg5 24. g4 Rh8 25. Kf2 Kf7 26. Rh1 Ne8 27. b3 a6
28. Rab1 a5 29. Rbg1 Rhg8 30. Rh4 Kg7 31. f4 Kh6 32. fxg5+ fxg5 33. Rh3 Nf6 34.
Kg3 Rf8 35. Rg2 Bd8 36. Rf2 Bc7 37. Rh1 Rf7 38. Rhf1 Bd8 39. Kh3 Kg7 40. Rf5
Kh6 41. Nb5 Be7 42. Nxd6 Bxd6 43. Rxf6+ Kg7 44. Rxf7+ Kg8 45. e5 Bxe5 46. Rxb7
Bd4 47. h6 Kh8 48. Rf8# {CHESSGENIOS checkmated} 1-0

[Event "ICS rated blitz match"]
[Site "204.178.125.65"]
[Date "1999.08.12"]
[Round "?"]
[White "CHESSGENIOS"]
[Black "Hossa"]
[Result "0-1"]
[WhiteElo "2058"]
[BlackElo "2437"]
[PlyCount "98"]
[EventDate "1999.??.??"]

1. d4 d5 2. g3 c5 3. e3 Nc6 4. Bg2 Nf6 5. Ne2 Bf5 6. O-O e6 7. c3 Bd6 8. Nd2
O-O 9. Nf3 e5 10. Nh4 Bc8 11. f4 e4 12. f5 cxd4 13. exd4 Re8 14. Nf4 Bd7 15.
Qe2 Rc8 16. Be3 Na5 17. Rae1 Nc4 18. Bc1 Qa5 19. a3 Bb5 20. Qc2 Nxa3 21. bxa3
Bxf1 22. Rxf1 Qxc3 23. Qxc3 Rxc3 24. Ne2 Rc2 25. Re1 Rec8 26. Kf1 Ra2 27. h3
Rxe2 28. Kxe2 Bxg3 29. Rd1 Rc2+ 30. Bd2 Bxh4 31. Rb1 Bg5 32. Rd1 e3 33. Kd3
Rxd2+ 34. Rxd2 exd2 35. Bf3 Ne4 36. Kc2 Bf6 37. Kd3 d1=Q+ 38. Bxd1 Nf2+ 39. Kc2
Nxd1 40. Kxd1 Bxd4 41. a4 g6 42. Ke2 gxf5 43. Kf3 Bc3 44. Kf4 d4 45. Kxf5 d3
46. a5 d2 47. a6 d1=Q 48. h4 Qf3+ 49. Kg5 49... Bd2# {CHESSGENIOS checkmated}
0-1

[Event "ICS rated blitz match"]
[Site "204.178.125.65"]
[Date "1999.08.12"]
[Round "?"]
[White "Hossa"]
[Black "CHESSGENIOS"]
[Result "1-0"]
[WhiteElo "2440"]
[BlackElo "2055"]
[PlyCount "23"]
[EventDate "1999.??.??"]

1. d4 c5 2. d5 f5 3. Bg5 Nf6 4. Bxf6 exf6 5. e3 Be7 6. d6 Bf8 7. Nc3 Nc6 8. Nb5
Kf7 9. Qd5+ Kg6 10. Nc7 Rb8 11. Bd3 Ne5 12. Nf3 {CHESSGENIOS resigns} 1-0

[Event "ICS rated blitz match"]
[Site "204.178.125.65"]
[Date "1999.08.12"]
[Round "?"]
[White "CHESSGENIOS"]
[Black "Hossa"]
[Result "0-1"]
[WhiteElo "2052"]
[BlackElo "2443"]
[PlyCount "57"]
[EventDate "1999.??.??"]

1. d4 d5 2. c4 dxc4 3. Nf3 Nf6 4. Nc3 a6 5. e4 b5 6. e5 Nd5 7. a4 b4 8. Ne4 c3
9. Bd3 cxb2 10. Bxb2 Bg4 11. O-O Nf4 12. Bc2 Nd7 13. Qd2 Nh3+ 14. Kh1 Bxf3 15.
gxf3 e6 16. Kg2 Qh4 17. Bc1 f5 18. Ng3 c5 19. f4 c4 20. a5 b3 21. Bb1 Rc8 22.
Bb2 Nxf4+ 23. Kh1 g5 24. Rc1 Qh3 25. f3 Bb4 26. Qf2 Rc6 27. Rg1 c3 28. Ba3 Bxa3
29. Rxa3 {CHESSGENIOS resigns} 0-1

[Event "ICS rated blitz match"]
[Site "204.178.125.65"]
[Date "1999.08.12"]
[Round "?"]
[White "Hossa"]
[Black "CHESSGENIOS"]
[Result "1-0"]
[WhiteElo "2446"]
[BlackElo "2049"]
[PlyCount "67"]
[EventDate "1999.??.??"]

1. d4 c5 2. d5 f5 3. Bg5 Nf6 4. Bxf6 exf6 5. e3 d6 6. c4 Be7 7. Nc3 O-O 8. Bd3
Na6 9. Nge2 Bd7 10. O-O Rb8 11. Nf4 Nc7 12. Qh5 g6 13. Nxg6 hxg6 14. Qxg6+ Kh8
15. Qh5+ Kg7 16. Bxf5 Bxf5 17. Qxf5 Qe8 18. e4 Rg8 19. a4 Qg6 20. Qd7 Kf7 21.
g3 Rbc8 22. Nb5 Rgd8 23. Nxd6+ Kf8 24. Qf5 Qxf5 25. Nxf5 Ne8 26. f4 Kf7 27. e5
a6 28. Rad1 Bf8 29. e6+ Kg6 30. e7 Kxf5 31. exf8=Q Nd6 32. Qg7 Rg8 33. g4+ Ke4
34. Qe7# {CHESSGENIOS checkmated} 1-0

[Event "ICS rated blitz match"]
[Site "204.178.125.65"]
[Date "1999.08.12"]
[Round "?"]
[White "CHESSGENIOS"]
[Black "Hossa"]
[Result "0-1"]
[WhiteElo "2046"]
[BlackElo "2449"]
[PlyCount "30"]
[EventDate "1999.??.??"]

1. d4 d5 2. c4 dxc4 3. Nf3 Nf6 4. Nc3 a6 5. e4 b5 6. e5 Nd5 7. a4 b4 8. Ne4 c3
9. Bd3 cxb2 10. Bxb2 Bg4 11. a5 Nf4 12. Bc2 Nxg2+ 13. Kf1 Nh4 14. Ned2 Bxf3 15.
Nxf3 15... Qd5 {CHESSGENIOS resigns} 0-1

[Event "ICS rated blitz match"]
[Site "204.178.125.65"]
[Date "1999.08.12"]
[Round "?"]
[White "Solido"]
[Black "Hossa"]
[Result "0-1"]
[WhiteElo "2274"]
[BlackElo "2452"]
[PlyCount "50"]
[EventDate "1999.??.??"]

1. c4 Nf6 2. Nc3 e5 3. g3 d5 4. cxd5 Nxd5 5. Bg2 Nxc3 6. bxc3 Bc5 7. Nf3 Nc6 8.
d3 O-O 9. O-O Qd6 10. Rb1 Rd8 11. Qc2 Bb6 12. Bd2 Qd7 13. Rb2 Rb8 14. Rfb1 Kh8
15. Be1 a6 16. Nd2 f6 17. Nc4 Ba7 18. Qa4 b5 19. Qa3 bxc4 20. Bxc6 Rxb2 21.
Bxd7 Rxb1 22. Qe7 Rxe1+ 23. Kg2 Bb7+ 24. f3 Rb8 25. Bg4 25... Rxe2+ {
Solido resigns} 0-1

[Event "ICS Rated blitz match"]
[Site "204.178.125.65"]
[Date "1999.08.12"]
[Round "?"]
[White "Hossa"]
[Black "Solido"]
[Result "1-0"]
[WhiteElo "2460"]
[BlackElo "2266"]
[PlyCount "85"]
[EventDate "1999.??.??"]

1. d4 g6 2. c4 Bg7 3. Nf3 d6 4. e4 Bg4 5. Be2 Nc6 6. d5 Bxf3 7. Bxf3 Nd4 8. O-O
c5 9. Nc3 a6 10. Bg5 Rb8 11. Rb1 h6 12. Bd2 Nf6 13. Be3 Nd7 14. Be2 O-O 15. Qd2
Kh7 16. b4 b6 17. bxc5 bxc5 18. Rxb8 Qxb8 19. Rc1 Qc7 20. Rb1 Rb8 21. Bd3 Ne5
22. Qd1 Ng4 23. Qxg4 Rxb1+ 24. Bxb1 Qb7 25. Bd2 Qc7 26. f3 Qb7 27. a4 Ne2+ 28.
Nxe2 Qxb1+ 29. Kf2 Qd3 30. Be3 Qxc4 31. Qc8 Qxa4 32. Qd8 Bf6 33. Qf8 g5 34.
Qxf7+ Kh8 35. Qg6 Bg7 36. Qh5 Kg8 37. h4 gxh4 38. Qxh4 Qe8 39. Bxh6 Bxh6 40.
Qxh6 a5 41. Qe6+ Qf7 42. Qc8+ Kg7 43. Qa8 {Solido resigns} 1-0

[Event "ICS rated blitz match"]
[Site "204.178.125.65"]
[Date "1999.08.12"]
[Round "?"]
[White "Hossa"]
[Black "brutus"]
[Result "1/2-1/2"]
[WhiteElo "2475"]
[BlackElo "2056"]
[PlyCount "131"]
[EventDate "1999.??.??"]

1. d4 Nf6 2. c4 g6 3. Nc3 d5 4. e3 Bg7 5. Nf3 O-O 6. cxd5 Nxd5 7. e4 Nxc3 8.
bxc3 c5 9. Be3 Nc6 10. Be2 cxd4 11. cxd4 b6 12. Rc1 Bb7 13. d5 Ne5 14. Nxe5
Bxe5 15. Bh6 Bg7 16. Bxg7 Kxg7 17. O-O Qd6 18. Qd2 Rfc8 19. f3 Rc5 20. a4 Rac8
21. Bb5 Qc7 22. Rxc5 Qxc5+ 23. Kh1 Qc3 24. Qg5 f6 25. Qf4 a6 26. Bd7 Qc7 27.
Qxc7 Rxc7 28. Bc6 Bxc6 29. Rc1 Kf7 30. Kg1 Ke8 31. dxc6 e5 32. g4 Ke7 33. h4
Kd6 34. g5 fxg5 35. hxg5 Rxc6 36. Rd1+ Ke7 37. Rb1 Kf7 38. Kg2 Kg7 39. Kf2 h6
40. gxh6+ Kxh6 41. Ke3 Kg5 42. Rg1+ Kf6 43. Rb1 Ke6 44. Rg1 Kd7 45. Rg5 Re6 46.
f4 exf4+ 47. Kxf4 Kc6 48. Rg1 b5 49. axb5+ axb5 50. e5 b4 51. Ke4 Kb5 52. Kd5
Rb6 53. e6 b3 54. e7 Rb8 55. Re1 Kb4 56. Kd6 b2 57. Kc7 Rh8 58. e8=Q Rxe8 59.
Rxe8 Kc3 60. Re3+ Kd2 61. Rb3 Kc2 62. Rxb2+ Kxb2 63. Kd6 Kc3 64. Ke5 Kd3 65.
Kf6 Ke4 66. Kxg6 {Game drawn because neither player has mating material}
1/2-1/2

[Event "ICS rated blitz match"]
[Site "204.178.125.65"]
[Date "1999.08.12"]
[Round "?"]
[White "brutus"]
[Black "Hossa"]
[Result "0-1"]
[WhiteElo "2069"]
[BlackElo "2462"]
[PlyCount "38"]
[EventDate "1999.??.??"]

1. e4 e5 2. Nf3 Nc6 3. Bb5 a6 4. Ba4 b5 5. Bb3 Bc5 6. c3 f5 7. d3 fxe4 8. dxe4
Nf6 9. Bg5 Bxf2+ 10. Kxf2 Nxe4+ 11. Kg1 Nxg5 12. h3 Rf8 13. Kh2 Nxf3+ 14. gxf3
Qh4 15. Qe2 d5 16. Qg2 Be6 17. Nd2 Qf4+ 18. Kg1 Rf6 19. Kf2 19... Qxd2+ {
brutus resigns} 0-1

[Event "ICS rated blitz match"]
[Site "204.178.125.65"]
[Date "1999.08.12"]
[Round "?"]
[White "Hossa"]
[Black "brutus"]
[Result "1-0"]
[WhiteElo "2465"]
[BlackElo "2066"]
[PlyCount "143"]
[EventDate "1999.??.??"]

1. e4 e6 2. d4 d5 3. Nd2 Nf6 4. e5 Nfd7 5. Bd3 c5 6. c3 Nc6 7. Ne2 cxd4 8. cxd4
Nb6 9. O-O Bd7 10. Nb3 Nb4 11. Bb1 Ba4 12. f4 g6 13. Bd2 Be7 14. Nc3 Bxb3 15.
Qxb3 Nc4 16. Rd1 Qb6 17. Bc1 Nc6 18. Qb5 Qxb5 19. Nxb5 Kd7 20. b3 Nb6 21. Be3
a6 22. Nd6 Bxd6 23. exd6 Kxd6 24. Rc1 Rac8 25. a3 Na5 26. Bc2 Nd7 27. a4 Nc6
28. Bd1 Nb4 29. g3 f5 30. Kf1 Nf6 31. h3 h5 32. Kg1 Rc6 33. Rxc6+ Nxc6 34. Rc1
Rh7 35. Bf3 Rc7 36. Kf2 Nb4 37. Rxc7 Kxc7 38. Bd1 Kd6 39. Kg2 a5 40. Kh2 Ne4
41. h4 Nf6 42. Kg2 Na2 43. Bf3 Nc3 44. Bd2 Nfe4 45. Bxe4 Nxe4 46. Bxa5 Kc6 47.
Bd8 Nd2 48. b4 Nc4 49. Bg5 b6 50. Kg1 Ne3 51. Be7 Nc2 52. b5+ Kc7 53. Bf6 Na1
54. Kf2 Nc2 55. Ke2 Na3 56. Kd3 Nc4 57. Be7 Nb2+ 58. Kc3 Nxa4+ 59. Kb3 Nc5+ 60.
dxc5 bxc5 61. Bxc5 Kb7 62. Kc3 Kc7 63. Kd4 Kd7 64. Ke5 Kc7 65. Kxe6 Kb7 66.
Kxd5 Kc7 67. b6+ Kb7 68. Bd4 Kb8 69. Kc6 Kc8 70. b7+ Kb8 71. Kb6 g5 72. Be5# {
brutus checkmated} 1-0

[Event "ICS Rated blitz match"]
[Site "204.178.125.65"]
[Date "1999.08.12"]
[Round "?"]
[White "Hossa"]
[Black "Secret"]
[Result "0-1"]
[WhiteElo "2473"]
[BlackElo "2541"]
[PlyCount "153"]
[EventDate "1999.??.??"]

1. e4 c5 2. c3 d5 3. exd5 Qxd5 4. d4 Nf6 5. Nf3 Bg4 6. Be2 e6 7. h3 Bh5 8. O-O
Nc6 9. Be3 cxd4 10. cxd4 Be7 11. Nc3 Qd6 12. Qb3 O-O 13. Rac1 Rfd8 14. Rfd1
Rab8 15. Nb5 Qd5 16. Qxd5 Nxd5 17. g4 Bg6 18. Bd2 Bd6 19. Nxd6 Rxd6 20. Re1 a6
21. h4 h5 22. g5 Ra8 23. Kh1 Rdd8 24. Bf1 Rac8 25. b3 Nde7 26. Bc3 Nf5 27. Bb2
Nb4 28. Rxc8 Rxc8 29. a3 Rc2 30. Re2 Rxe2 31. Bxe2 Nd5 32. Bc1 b5 33. b4 Kf8
34. Bd2 f6 35. Bd1 Ke7 36. Kg2 Nd6 37. Bc1 Be4 38. Bd2 Nc4 39. Bc1 Nc3 40. Bb3
Ne2 41. Be3 Nxa3 42. Bd1 Nc3 43. Bb3 Nc4 44. Kg3 Ne2+ 45. Kg2 f5 46. Bd1 Nc3
47. Bb3 Nd5 48. Bc1 Nxb4 49. Kg3 Nd3 50. Bxc4 bxc4 51. Ba3+ Ke8 52. Ne5 f4+ 53.
Kh2 Nxe5 54. dxe5 c3 55. f3 Bxf3 56. Bc1 Bd5 57. Bxf4 Kf7 58. Kg3 Kg6 59. Be3
Kf5 60. Bd4 c2 61. Bb2 Bc6 62. Kf2 Kg4 63. Bc1 Kxh4 64. Ke2 Kg4 65. Be3 Be4 66.
Kd2 h4 67. Bc5 h3 68. Bg1 Kg3 69. Kc1 Kg2 70. Be3 h2 71. Kb2 h1=Q 72. Bd2 Qb1+
73. Kc3 Qf1 74. Kb4 Qb5+ 75. Kc3 a5 76. Kd4 Bg6 77. Bf4 {Hossa resigns} 0-1

[Event "ICS rated blitz match"]
[Site "204.178.125.65"]
[Date "1999.08.12"]
[Round "?"]
[White "Guryon"]
[Black "Hossa"]
[Result "0-1"]
[WhiteElo "2077"]
[BlackElo "2460"]
[PlyCount "98"]
[EventDate "1999.??.??"]

1. e4 e6 2. d4 d5 3. Nc3 dxe4 4. Nxe4 Be7 5. Bd3 Nc6 6. Nf3 Nf6 7. Ng3 O-O 8.
O-O Qd7 9. c3 Rd8 10. Bb1 e5 11. Qc2 exd4 12. Bg5 d3 13. Qd2 b6 14. Rd1 Ba6 15.
b3 Ng4 16. h3 f6 17. Bf4 Nge5 18. Nxe5 fxe5 19. Be3 Bh4 20. Ne4 Qf5 21. Ng3
Bxg3 22. fxg3 e4 23. Rf1 Qg6 24. Kh2 Rf8 25. Re1 Rf7 26. b4 Raf8 27. a4 Bc4 28.
Ba2 Bxa2 29. Rxa2 Ne5 30. Bf4 Nc4 31. Qd1 a5 32. bxa5 Nxa5 33. Be3 Qe6 34. Bd4
Qxa2 35. Rg1 c5 36. Be3 Nb3 37. Qh5 Rf5 38. Qg4 Qxa4 39. Bf4 h5 40. Qg6 R8f6
41. Qxf6 Rxf6 42. h4 Qc4 43. Be5 Re6 44. Bf4 e3 45. Re1 d2 46. Rd1 e2 47. Rg1
e1=Q 48. Bxd2 Qxh4+ 49. gxh4 49... Qxh4# {Guryon checkmated} 0-1

[Event "ICS rated blitz match"]
[Site "204.178.125.65"]
[Date "1999.08.12"]
[Round "?"]
[White "Hossa"]
[Black "ParalyseCabbage"]
[Result "1-0"]
[WhiteElo "2463"]
[BlackElo "2066"]
[PlyCount "73"]
[EventDate "1999.??.??"]

1. d4 d5 2. c4 e6 3. Nc3 Nf6 4. cxd5 exd5 5. Nf3 c6 6. a3 Bd6 7. e3 O-O 8. b3
Re8 9. Bb2 Bg4 10. Be2 Nbd7 11. O-O Qe7 12. Ng5 Bxe2 13. Qxe2 h6 14. Nf3 Nf8
15. Qd3 Ne4 16. Rfc1 Nh7 17. a4 Rad8 18. Rc2 Qe6 19. Qe2 Qf6 20. Rac1 Qf5 21.
Nxe4 Rxe4 22. Bc3 Qh5 23. Ba5 Rde8 24. h3 Nf6 25. Re1 R4e6 26. Rd1 Ne4 27. Qd3
Rg6 28. Kh1 Ree6 29. Qe2 Ref6 30. Bd8 Rxg2 31. Kxg2 Rg6+ 32. Ng5 Qh4 33. Qg4
hxg5 34. Qc8 Kh7 35. Qxb7 Rh6 36. Qc8 g4 37. Bxh4 {ParalyseCabbage resigns} 1-0

[Event "ICS rated blitz match"]
[Site "204.178.125.65"]
[Date "1999.08.12"]
[Round "?"]
[White "ParalyseCabbage"]
[Black "Hossa"]
[Result "0-1"]
[WhiteElo "2063"]
[BlackElo "2466"]
[PlyCount "60"]
[EventDate "1999.??.??"]

1. d4 d5 2. Nf3 Nf6 3. Bf4 Bf5 4. e3 e6 5. c4 Bxb1 6. Rxb1 Bb4+ 7. Ke2 O-O 8.
a3 Bd6 9. Bxd6 Qxd6 10. Ne5 dxc4 11. Nxc4 Qd5 12. Qd3 Rd8 13. f3 c5 14. Rd1
cxd4 15. Qxd4 Qxd4 16. Rxd4 Rxd4 17. exd4 Nc6 18. Ke3 Rd8 19. Be2 Nd5+ 20. Kf2
Nxd4 21. Bd3 b5 22. Ne5 f6 23. Ng4 Nf4 24. Bb1 Nb3 25. Ba2 Rd2+ 26. Kg3 Ne2+
27. Kh3 Nbd4 28. Rb1 Nf4+ 29. Kg3 Nf5+ 30. Kxf4 30... Rd4# {
ParalyseCabbage checkmated} 0-1

[Event "ICS rated blitz match"]
[Site "204.178.125.65"]
[Date "1999.08.12"]
[Round "?"]
[White "Hossa"]
[Black "Secret"]
[Result "0-1"]
[WhiteElo "2469"]
[BlackElo "2572"]
[PlyCount "160"]
[EventDate "1999.??.??"]

1. d4 d5 2. c4 dxc4 3. e4 Nf6 4. e5 Nd5 5. Bxc4 Nb6 6. Bb3 Nc6 7. Be3 Bf5 8. e6
Bxe6 9. Bxe6 fxe6 10. Nc3 Nc4 11. b3 Nxe3 12. fxe3 g6 13. Qg4 Nb4 14. Qe4 Bh6
15. Rc1 Nd5 16. Qe5 Rf8 17. Nxd5 exd5 18. Rxc7 Bxe3 19. Rc5 Bf2+ 20. Ke2 Rc8
21. Rxd5 Rc2+ 22. Kd3 Qc8 23. Ne2 Rf6 24. a4 b6 25. Rb1 Rcc6 26. Qg5 Qa6+ 27.
Kd2 Qb7 28. Kd3 Qc8 29. Re5 Qa6+ 30. Kd2 b5 31. Rxb5 Qc8 32. Re5 Qc7 33. Kd3 a6
34. Qh6 Bxd4 35. Rd5 Be5 36. Qxh7 Rf7 37. Qh4 e6 38. Rd4 Bxd4 39. Nxd4 Rc3+ 40.
Kd2 e5 41. Re1 Rf8 42. Qe4 Rf2+ 43. Re2 Rxe2+ 44. Kxe2 Kf7 45. Qd5+ Kf6 46.
Qe6+ Kg7 47. Nf3 Rc6 48. Qe8 Rf6 49. Kf2 Qc3 50. Kg3 Qxb3 51. Qe7+ Rf7 52.
Qxe5+ Rf6 53. Qe7+ Qf7 54. Qd8 Re6 55. Qd5 Qc7+ 56. Kh3 Qd6 57. Qc4 Re3 58. a5
Rd3 59. Qc8 Qd7+ 60. Qxd7+ Rxd7 61. Ne5 Rd5 62. Nc6 Rc5 63. Nb4 Rxa5 64. Kg3
Ra3+ 65. Kf2 a5 66. Nd5 a4 67. Nf4 Rb3 68. Ne6+ Kf6 69. Nc5 Rb2+ 70. Ke3 a3 71.
Ne4+ Ke6 72. Nc3 Rxg2 73. Nb5 Rxh2 74. Ke4 Rh4+ 75. Kf3 a2 76. Nc7+ Ke5 77. Na6
a1=Q 78. Ke3 Qd4+ 79. Ke2 Rh2+ 80. Ke1 80... Qa1# {Hossa checkmated} 0-1

[Event "ICS Rated blitz match"]
[Site "204.178.125.65"]
[Date "1999.08.12"]
[Round "?"]
[White "PostModernist"]
[Black "Hossa"]
[Result "1/2-1/2"]
[WhiteElo "2575"]
[BlackElo "2458"]
[PlyCount "157"]
[EventDate "1999.??.??"]

1. d4 d5 2. c4 dxc4 3. Nf3 Nf6 4. e3 e6 5. Bxc4 c5 6. O-O a6 7. Bd3 Nc6 8. Nc3
Bd6 9. Ne4 Nxe4 10. Bxe4 Bd7 11. dxc5 Bxc5 12. Qb3 b6 13. Rd1 Rc8 14. Bxc6 Rxc6
15. Ne5 Rc7 16. a4 Qh4 17. Nxd7 Rxd7 18. Rxd7 Kxd7 19. Qd3+ Bd6 20. g3 Qb4 21.
Qxa6 Rc8 22. Qe2 Rc4 23. Qd1 e5 24. b3 Rc6 25. Ba3 Qe4 26. h3 Ke7 27. Bxd6+
Rxd6 28. Qb1 Rd3 29. Qc2 Ke6 30. Rc1 Kf5 31. Qc7 Qd5 32. e4+ Kxe4 33. Re1+ Kf5
34. g4+ Kg6 35. Qxe5 Qxe5 36. Rxe5 Rxb3 37. Kg2 Rb4 38. Rb5 Rxa4 39. Rxb6+ f6
40. Kg3 Ra3+ 41. f3 h5 42. Rb8 h4+ 43. Kf4 Ra2 44. Rh8 Kf7 45. Kf5 g6+ 46. Ke4
g5 47. Rc8 Re2+ 48. Kd4 Rh2 49. f4 gxf4 50. Rc3 Kg6 51. Ke4 Rf2 52. Rc1 Kg7 53.
Kf5 Rf3 54. Rc7+ Kf8 55. Kxf6 Ke8 56. Kf5 Rxh3 57. Kxf4 Rh1 58. Rh7 h3 59. Rh4
Kf7 60. Kg3 Kg6 61. Rxh3 Rxh3+ 62. Kxh3 Kg5 63. Kg3 Kf6 64. Kf4 Kg6 65. g5 Kf7
66. Kf5 Kg7 67. g6 Kg8 68. Kf6 Kf8 69. Kg5 Kg7 70. Kh5 Kg8 71. Kh6 Kh8 72. Kg5
Kg7 73. Kh5 Kg8 74. Kh4 Kg7 75. Kg5 Kg8 76. Kh5 Kg7 77. Kg5 Kg8 78. Kf4 Kg7 79.
Kg5 {Game drawn by repetition} 1/2-1/2

[Event "ICS Rated blitz match"]
[Site "204.178.125.65"]
[Date "1999.08.12"]
[Round "?"]
[White "Hossa"]
[Black "PostModernist"]
[Result "0-1"]
[WhiteElo "2463"]
[BlackElo "2570"]
[PlyCount "113"]
[EventDate "1999.??.??"]

1. d4 d5 2. c4 dxc4 3. e4 Nf6 4. e5 Nd5 5. Bxc4 Nb6 6. Bb3 c5 7. dxc5 Qxd1+ 8.
Bxd1 N6d7 9. Ba4 Nc6 10. Nf3 Nxc5 11. Bxc6+ bxc6 12. O-O Bg4 13. Nd4 Nd3 14. f3
Bd7 15. f4 g5 16. Rd1 Nxc1 17. Rxc1 gxf4 18. Nd2 Rg8 19. Rc2 Rc8 20. Rd1 h5 21.
Kf2 Bg7 22. N2f3 c5 23. Ne2 Bf5 24. Rcd2 Bh6 25. Nc3 Kf8 26. Ng1 a5 27. Nf3 Bg4
28. Ne4 c4 29. Rd4 Bf5 30. Nc3 Rb8 31. R1d2 Rc8 32. Rd1 Be6 33. Ne2 Bg4 34.
Nxf4 c3 35. bxc3 Rxc3 36. Rd8+ Kg7 37. Rxg8+ Kxg8 38. Kg3 Bxf3 39. gxf3 h4+ 40.
Kg4 Rc4 41. Kxh4 Rxf4+ 42. Kh5 Bg7 43. Rd8+ Kh7 44. Rd7 e6 45. Rd3 Bxe5 46. Kg5
f6+ 47. Kh5 Rf5+ 48. Kg4 Rg5+ 49. Kh3 Kg6 50. Ra3 Rh5+ 51. Kg2 Rxh2+ 52. Kg1
Rh5 53. Ra4 Bc7 54. Kf2 Bb6+ 55. Ke2 Rh2+ 56. Kd1 Kf5 57. Ke1 {Hossa resigns}
0-1

[Event "ICS rated blitz match"]
[Site "204.178.125.65"]
[Date "1999.08.12"]
[Round "?"]
[White "Hossa"]
[Black "occam"]
[Result "1-0"]
[WhiteElo "2452"]
[BlackElo "2527"]
[PlyCount "119"]
[EventDate "1999.??.??"]

1. d4 e6 2. e4 d5 3. e5 c5 4. c3 cxd4 5. cxd4 Nc6 6. Nc3 Nge7 7. Bg5 Qb6 8. Bb5
Bd7 9. Bxc6 Nxc6 10. Nge2 h6 11. Be3 Rc8 12. O-O Na5 13. Rb1 Nc4 14. b3 Nxe3
15. fxe3 Ba3 16. Qd3 Qa5 17. Rf3 O-O 18. e4 dxe4 19. Nxe4 Bb5 20. Qe3 Rc6 21.
N2c3 Ba6 22. Qf4 Qb4 23. Rd1 Kh8 24. Nc5 Qa5 25. Nxa6 Qxa6 26. Rdf1 Rfc8 27.
Qg3 g5 28. Qh3 Bf8 29. Rxf7 Bg7 30. Ne4 Qxa2 31. Nxg5 Qa6 32. R7f3 Qb6 33. Rd3
a5 34. Nf7+ Kh7 35. Qe3 R6c7 36. Qe4+ Kg8 37. Nxh6+ Bxh6 38. Qg6+ Bg7 39. Rh3
Qxd4+ 40. Kh1 Qf2 41. Qh7+ Kf8 42. Rxf2+ Ke8 43. Qg8+ Kd7 44. Qxg7+ Kc6 45. Qg6
Kb6 46. Qxe6+ Rc6 47. Qf5 Rc1+ 48. Rf1 Rxf1+ 49. Qxf1 Rc2 50. Qd1 Rc6 51. Qd4+
Kb5 52. Rc3 Rxc3 53. Qxc3 Kb6 54. g4 a4 55. bxa4 Ka7 56. Qa5+ Kb8 57. Qb6 Ka8
58. e6 Kb8 59. e7 Kc8 60. Qd8# {occam checkmated} 1-0

[Event "ICS rated blitz match"]
[Site "204.178.125.65"]
[Date "1999.08.12"]
[Round "?"]
[White "occam"]
[Black "Hossa"]
[Result "1-0"]
[WhiteElo "2508"]
[BlackElo "2471"]
[PlyCount "82"]
[EventDate "1999.??.??"]

1. d4 d5 2. Nf3 Nf6 3. c4 dxc4 4. Qa4+ Nc6 5. e3 Bd7 6. Qxc4 Ng4 7. d5 Nce5 8.
Nxe5 Nxe5 9. Qb3 Qb8 10. Nc3 c6 11. f4 Ng4 12. Bc4 Nh6 13. O-O Qc7 14. dxc6
Bxc6 15. Nd5 Qc8 16. Nb4 Bd7 17. Rd1 e6 18. Bd2 Bc5 19. Nd3 Bb6 20. Ne5 Bc6 21.
Bb5 Bxb5 22. Qxb5+ Kf8 23. Nd7+ Kg8 24. Nxb6 axb6 25. Qxb6 Ra6 26. Qb4 Rc6 27.
a4 Ng4 28. a5 Qd7 29. Bc3 Qe8 30. Qxb7 Rc5 31. a6 Rc8 32. a7 Ra8 33. Ba5 f6 34.
Rd7 Qxd7 35. Qxd7 h5 36. Rc1 Kh7 37. Rc7 Rhg8 38. Qxe6 Kh6 39. h3 Rae8 40. Re7
Rxe7 41. Qxe7 41... Nxe3 {Hossa resigns} 1-0

[Event "ICS rated blitz match"]
[Site "204.178.125.65"]
[Date "1999.08.12"]
[Round "?"]
[White "Hossa"]
[Black "occam"]
[Result "1-0"]
[WhiteElo "2457"]
[BlackElo "2522"]
[PlyCount "93"]
[EventDate "1999.??.??"]

1. d4 d5 2. c4 e6 3. Nc3 Nf6 4. cxd5 exd5 5. Bg5 Bb4 6. Rc1 Nc6 7. e3 O-O 8.
Qf3 Re8 9. Bxf6 gxf6 10. a3 Bxc3+ 11. bxc3 Be6 12. Bd3 Qe7 13. Ra1 h6 14. Qg3+
Kh8 15. Qf4 Kg7 16. Ne2 Qd6 17. Qxd6 cxd6 18. Ng3 Kh8 19. Nf5 Bxf5 20. Bxf5 Rg8
21. Rb1 Rab8 22. g3 Ne7 23. Bd3 Rgc8 24. Rb3 Rc6 25. a4 b6 26. a5 Rbc8 27. axb6
axb6 28. Ke2 Ra8 29. Rhb1 Ra7 30. Rxb6 Rxc3 31. Ba6 Ra3 32. Bb7 Ra2+ 33. Kf3
Rc2 34. Rxd6 Raa2 35. Rf1 Ra5 36. Rd7 Nc6 37. Rxf7 Rb5 38. Ra1 Na5 39. Ba6 Rbb2
40. Rxa5 Rxf2+ 41. Kg4 Kg8 42. Rb7 f5+ 43. Kh5 Rxh2+ 44. Kg6 Kf8 45. Rf7+ Kg8
46. Bb5 Rh5 47. Ra8# {occam checkmated} 1-0

[Event "ICS unrated blitz match"]
[Site "204.178.125.65"]
[Date "1999.08.12"]
[Round "?"]
[White "Hossa"]
[Black "Gerrit"]
[Result "1-0"]
[WhiteElo "2476"]
[BlackElo "1500"]
[PlyCount "49"]
[EventDate "1999.??.??"]

1. d4 d5 2. c4 e6 3. Nc3 Nf6 4. cxd5 exd5 5. Bg5 Be7 6. e3 O-O 7. Bd3 h6 8.
Bxf6 Bxf6 9. Qh5 c6 10. Nge2 Be6 11. O-O Nd7 12. Nf4 Be7 13. Nxe6 fxe6 14. Bg6
Nf6 15. Qh3 Qd6 16. Rfe1 c5 17. dxc5 Qxc5 18. Qxe6+ Kh8 19. Red1 Rad8 20. Rac1
Qd6 21. Qf5 Ne4 22. Nxe4 dxe4 23. Rxd6 Rxf5 24. Rxd8+ Bxd8 25. Bxf5 {
Gerrit resigns} 1-0

[Event "ICS Rated blitz match"]
[Site "204.178.125.65"]
[Date "1999.08.12"]
[Round "?"]
[White "Hossa"]
[Black "velimirovich"]
[Result "1/2-1/2"]
[WhiteElo "2476"]
[BlackElo "2028"]
[PlyCount "185"]
[EventDate "1999.??.??"]

1. d4 d5 2. c4 c6 3. Nc3 Nf6 4. cxd5 cxd5 5. f3 Nc6 6. e4 e6 7. e5 Nd7 8. Be3
Be7 9. Rc1 O-O 10. Bd3 f6 11. Qc2 f5 12. Nge2 Nb4 13. Qd2 Nxd3+ 14. Qxd3 b6 15.
O-O a5 16. Nb5 Ba6 17. Rc6 Qe8 18. Rxe6 Nxe5 19. dxe5 Qxb5 20. Qxb5 Bxb5 21.
Rxe7 Bxe2 22. Re1 Bb5 23. Bxb6 Rfe8 24. Rxe8+ Rxe8 25. Bxa5 d4 26. Bc7 d3 27.
Bd6 Rc8 28. Rd1 Rc2 29. a4 Bc4 30. Ba3 d2 31. Kf2 Bb3 32. Ke3 Rxb2 33. Bxb2
Bxd1 34. Kxd2 Bxa4 35. f4 Kf7 36. Kc3 Ke6 37. Kd4 Bc6 38. g3 Be4 39. Ba3 g6 40.
Bd6 Bb1 41. Kc5 Be4 42. Bf8 Kd7 43. h4 Ke6 44. Bg7 Kd7 45. Bf6 Ke6 46. Bd8 Kd7
47. Bg5 Ke6 48. Kb6 Kd7 49. Bh6 Bd5 50. Bf8 Be4 51. Bc5 Bd5 52. Bb4 Be4 53. Bf8
Bd5 54. Bd6 Be4 55. Ba3 Bd5 56. Bc5 Be4 57. Bb4 Bd5 58. Kc5 Be4 59. Bc3 Ke6 60.
Kb6 Kd7 61. Bd4 Bf3 62. Bg1 Be4 63. Bf2 Bf3 64. Bd4 Be4 65. Be3 Bd5 66. Kb5 Be4
67. Bf2 Bf3 68. Bg1 Be4 69. Bb6 Bf3 70. Bd4 Be4 71. Kc5 Bf3 72. Bf2 Be4 73. Be1
Ke6 74. Bc3 Kd7 75. Ba5 Ke6 76. Be1 Kd7 77. Bf2 Bf3 78. Be3 Be4 79. Kb5 Bf3 80.
Bd2 Be4 81. Kb6 Bf3 82. Ba5 Be4 83. Bc3 Bf3 84. Bd2 Be4 85. Bc1 Bf3 86. Ba3 Be4
87. Kc5 Bf3 88. Bc1 Be4 89. Be3 Bf3 90. Bd2 Be4 91. Be3 Bf3 92. Bd2 Be4 93. Kb5
{Game drawn by the 50 move rule} 1/2-1/2